[Event "Chess.com Rapid Wk17 Swiss"]
[Site "Chess.com INT"]
[Date "2022.06.04"]
[Round "3"]
[White "Svane, Rasmus"]
[Black "Kraemer, Martin"]
[Result "1-0"]
[WhiteElo "2649"]
[BlackElo "2579"]
[PlyCount "73"]
[EventDate "2022.06.04"]
[EventType "swiss (rapid)"]
[EventRounds "9"]
[EventCountry "USA"]
[SourceTitle "CBM 208 Extra"]
[Source "ChessBase"]
[SourceDate "2022.07.31"]
[SourceVersion "1"]
[SourceVersionDate "2022.07.31"]
[SourceQuality "1"]

1. Nf3 {Roiz,Michael} d5 2. g3 Bg4 3. Bg2 e6 4. O-O Nf6 5. h3 Bh5 6. d4 Be7 ({RR} 6... Nbd7 7. c4 c6 8. cxd5 exd5 9. Qb3 Qb6 10. Qe3+ Be7 11. Nh4 Bg6 12. Nc3 Qd8 ({RR} 12... Kf8 13. Nxg6+ hxg6 14. Qd3 Re8 15. Rb1 Kg8 16. b4) 13. b4 ({RR} 13. Nxg6 hxg6 14. Qd3 O-O 15. Bf4 Re8 16. Rfe1 Nb6 17. Rad1 Qd7 18. Bg5 Rad8 19. h4 Nh7 20. Bxe7 Rxe7 21. e4 dxe4 22. Nxe4 Rde8) 13... b5 ({RR} 13... O-O 14. Nxg6 hxg6 15. b5 Re8 16. Qd3 Bb4 17. bxc6 bxc6 18. Bd2) 14. a4 a5 ({RR} 14... a6 15. a5 O-O 16. Nxg6 hxg6 17. Rb1 Bd6 18. Qd3 Qe7) 15. Nxg6 hxg6 16. bxa5 b4 17. Na2 O-O 18. Bd2 Re8 ({RR} 18... c5 19. dxc5 Bxc5 20. Qb3 Qxa5 21. Nxb4 Ne4 22. Bxe4 dxe4 23. Rfb1 Rfb8 24. Be1) 19. Qb3 ({RR} 19. Rfb1 c5 20. dxc5 Bxc5 21. Qd3 Ne5 22. Qb3 Qxa5 23. Nxb4 Rab8) 19... c5 20. dxc5 Nxc5 21. Qxb4 {Vachier Lagrave,M (2803)-Bluebaum,M (2634) Karlsruhe/Baden-Baden 2017 CBM 178 [Roiz,Michael] 1-0 (74)} ({RR} 21. Qd1 Qxa5 22. Bxb4 ({RR} 22. Nxb4 Nce4 23. Rb1 Nxd2 24. Nc6 Qa6 25. Nxe7+ Rxe7 26. Qxd2 Rxe2) 22... Qxa4 23. Bxd5 Qxd1 24. Rfxd1 Nxd5 25. Rxd5 Nb3 26. Rb1 Rxa2 27. Bxe7 Rxe7 28. Rxb3 Rexe2) {RR} 21... Nfe4 22. Be3 Rxa5 23. Bxe4 Nxe4 24. Bb6 Bxb4 25. Bxd8 Rxa4 26. Nxb4 Rxb4) ({RR} 6... Nbd7 7. c4 c6 8. cxd5 exd5 9. Ne5 Ne4 10. Bxe4 dxe4 11. Nc3 Nxe5 12. dxe5 Qxd1 13. Rxd1 Bg6 14. Be3 Be7 15. Rac1 Bf5 16. g4 Be6 17. Nxe4 h5 18. f3 Bxa2 19. Bc5 Bd5 20. Nd6+ Bxd6 21. Bxd6 {Svane,R (2648)-Lashkin,J (2386) Chess.com INT 2022 1-0 (48)}) 7. c4 c6 8. Ne5 ({RR} 8. Qb3 Qc8 9. Nc3 O-O 10. Ne5 Nbd7 11. cxd5 Nxe5 12. dxe6 Ng6 13. exf7+ Rxf7 14. e4 Nf8 15. e5 Ne8 16. d5 cxd5 17. Nxd5 Ne6 18. Be3 Kh8 19. Rac1 Qb8 20. f4 Bg6 21. f5 Bxf5 22. Nxe7 Rxe7 {Poetsch,H (2482)-Yildirim,K (2072) Paphos CYP 2025 1-0 (40)}) 8... Nbd7 9. g4 $146 ({RR} 9. Nc3 O-O 10. g4 Bg6 11. Nxg6 hxg6 12. b3 Bb4 13. Qc2 Bxc3 14. Qxc3 Ne4 15. Qe3 f5 16. f3 f4 17. Qd3 Ng3 18. Rf2 e5 19. cxd5 cxd5 20. Qb5 exd4 21. Qxd5+ Kh7 22. Qxd4 Nb6 23. Bb2 Qe7 {Donchenko,A (2646)-Sargissian,G (2682) Chess.com INT 2020 ½-½ (42)}) 9... Bg6 10. Nxg6 hxg6 11. Nd2 Qc7 12. e3 g5 13. Qe2 Nf8 14. Rb1 Ng6 15. b4 e5 16. cxd5 Nxd5 17. Bb2 O-O 18. b5 exd4 19. Bxd4 Bf6 20. bxc6 bxc6 21. Bxf6 Nxf6 22. Nf3 Qa5 23. Nd4 Nh4 24. Nxc6 Qa3 25. Rb3 Qc5 26. Qb5 Qd6 27. Rd3 Qc7 28. Rc1 Nxg2 29. Kxg2 Rac8 30. Rdc3 Rce8 31. Rc4 Qd6 32. Qxg5 Ne4 33. Qf4 Qd5 34. Rd4 Qe6 35. Rcc4 f5 36. gxf5 Rxf5 37. Rxe4 1-0

[Event "Chess.com Rapid Wk17 Swiss"]
[Site "Chess.com INT"]
[Date "2022.06.04"]
[Round "9"]
[White "Svane, Rasmus"]
[Black "Rustemov, Alexander"]
[Result "1-0"]
[WhiteElo "2649"]
[BlackElo "2525"]
[PlyCount "51"]
[EventDate "2022.06.04"]
[EventType "swiss (rapid)"]
[EventRounds "9"]
[EventCountry "USA"]
[SourceTitle "CBM 208 Extra"]
[Source "ChessBase"]
[SourceDate "2022.07.31"]
[SourceVersion "1"]
[SourceVersionDate "2022.07.31"]
[SourceQuality "1"]

1. Nf3 d5 2. g3 c6 3. Bg2 Bf5 4. O-O e6 5. c4 dxc4 ({RR} 5... h6 6. Qb3 Qb6 7. d3 Nf6 8. Be3 Qxb3 9. axb3 a6 10. Nc3 Nbd7 11. cxd5 exd5 12. Nd4 Bg6 13. Nc2 Bd6 14. b4 O-O 15. Bd4 Be5 16. Bxe5 Nxe5 17. Nd4 Ne8 18. h3 Nd6 19. f4 Nd7 20. g4 {Blohberger,F (2532)-Urbina Perez,J (2248) chess.com INT 2025 1-0 (43)}) 6. Nh4 ({RR} 6. a4 Nd7 7. Na3 Bxa3 8. Rxa3 Ngf6 9. Nh4 O-O 10. Nxf5 exf5 11. Qc2 Re8 12. Re3 Qa5 13. Qxc4 Nb6 14. Qc2 Ng4 15. Rxe8+ Rxe8 16. e3 Nxa4 17. b3 Nb6 18. Bb2 Qb5 19. h3 Nf6 20. Ra1 Ne4 {So,W (2789)-Aronian,L (2780) Leuven 2017 1-0 (85)}) 6... Bxb1 7. Rxb1 Qa5 $146 ({RR} 7... Nd7 8. Nf3 Ngf6 9. b3 cxb3 10. Qxb3 Qb6 11. Qc2 Qc7 12. d4 Nb6 13. e4 Be7 14. Bf4 Qc8 15. a4 O-O 16. Ne5 Nbd7 17. Nc4 b6 18. Rfc1 Qb7 19. Bd6 Rfe8 20. Bxe7 Rxe7 21. Na5 Qa6 22. Nxc6 {Svane,R (2648)-Rustemov,A (2525) Chess.com INT 2022 1-0 (45)}) 8. b3 Qxa2 9. Rb2 Qa6 10. bxc4 Nd7 11. Qb3 Nc5 12. Qc2 Rc8 13. d4 Na4 14. Ra2 b5 15. Bf4 Ne7 16. Rc1 g6 17. Be5 Rg8 18. Bf6 Bg7 19. Bxg7 Rxg7 20. Nf3 Rg8 21. Ne5 Qb6 22. cxb5 cxb5 23. Qxc8+ Nxc8 24. Rxc8+ Ke7 25. Rxg8 Nc3 26. Rxa7+ 1-0

[Event "Titled Tuesday intern op 07th Jun Early"]
[Site "Chess.com INT"]
[Date "2022.06.07"]
[Round "11"]
[White "Nakamura, Hikaru"]
[Black "Sarana, Alexey"]
[Result "1-0"]
[WhiteElo "2760"]
[BlackElo "2670"]
[PlyCount "177"]
[EventDate "2022.06.07"]
[EventType "swiss (blitz)"]
[EventRounds "11"]
[EventCountry "USA"]
[SourceTitle "CBM 208 Extra"]
[Source "ChessBase"]
[SourceDate "2022.07.31"]
[SourceVersion "1"]
[SourceVersionDate "2022.07.31"]
[SourceQuality "1"]

1. Nf3 d5 2. e3 Nf6 3. b3 Bf5 4. Bb2 e6 5. g3 h6 6. Bg2 ({RR} 6. d4 Nbd7 7. Bd3 Bd6 8. c4 c6 9. Qc2 Ne4 10. Nfd2 Nxd2 11. Nxd2 Bxd3 12. Qxd3 Nf6 13. O-O O-O 14. e4 Nxe4 15. Nxe4 dxe4 16. Qxe4 Be7 17. Rfd1 Bf6 18. Rd2 Qa5 19. Qe2 Rfd8 20. Rdd1 Qb6 {Nakamura,H (2795)-Grischuk,A (2728) chess.com INT 2024 ½-½}) 6... Bd6 $146 ({RR} 6... Be7 7. O-O O-O 8. d3 c5 9. Ne5 Bh7 10. Nd2 Nfd7 11. Nxd7 Qxd7 12. e4 Nc6 13. Qg4 d4 14. f4 f5 15. Qe2 Rae8 16. a4 {½-½ (16) Martin,A (2420)-Mannion,S (2345) Scotland 1991}) ({RR} 6... Nbd7 7. O-O c6 8. d3 Bd6 9. Nbd2 Bh7 10. e4 Bc7 11. e5 Ng8 12. d4 Ne7 13. c4 dxc4 14. Nxc4 O-O 15. Nfd2 b5 16. Ne3 Rc8 17. Rc1 Bb6 18. Ne4 Bxe4 19. Bxe4 Nd5 20. Bb1 Re8 21. Nxd5 {Yashmetov,M (2307)-Souleidis,G (2418) chess.com INT 2024 1-0 (72)}) ({RR} 6... a5 7. d3 Bh7 8. O-O Bd6 9. Qe2 O-O 10. Nc3 e5 11. Nb5 Re8 12. Nxd6 Qxd6 13. e4 Nbd7 14. Nd2 c6 15. a4 Qc5 16. Rfc1 Rad8 17. Ba3 Qb6 18. Re1 Nc5 19. Qe3 Ncd7 20. Qxb6 Nxb6 21. exd5 {Nakamura,H (2760)-Gomez Ledo,R (2469) Chess.com INT 2022 1-0 (33)}) 7. O-O Bh7 8. d3 Nc6 9. Nbd2 O-O 10. Qe2 Re8 11. e4 e5 12. a3 a5 13. Rfe1 Bc5 14. h3 Ba7 15. c3 d4 16. Rac1 dxc3 17. Bxc3 Nd7 18. b4 axb4 19. axb4 Nf8 20. b5 Nd4 21. Nxd4 Bxd4 22. Bxd4 Qxd4 23. Rxc7 Qb6 24. Rc2 Qxb5 25. Rb1 Qd7 26. Nc4 Rab8 27. h4 b5 28. Ne3 Rec8 29. Nd5 Rxc2 30. Qxc2 Qd6 31. Qc7 Qxc7 32. Nxc7 b4 33. Rb3 Ne6 34. Nd5 Nd4 35. Rxb4 Rxb4 36. Nxb4 g5 37. hxg5 hxg5 38. Bh3 f6 39. Kf1 Kf7 40. Ke1 Bg6 41. Bg4 Kg7 42. Kd2 Be8 43. Nd5 Bc6 44. Ne3 Kf7 45. Bh5+ Ke7 46. Bd1 Bb7 47. Kc3 Bc6 48. Bb3 Kd6 49. Bc4 Ke7 50. Kb4 Kd6 51. Ng4 Ke7 52. Kc5 Bb7 53. Ne3 Bc6 54. Ng4 Bd7 55. Ne3 Bc6 56. Ba2 Bb7 57. Bd5 Ba6 58. Ba2 Bb7 59. Nd1 Ba6 60. Bc4 Bc8 61. Nc3 Be6 62. f4 gxf4 63. gxf4 Bxc4 64. Kxc4 Ne6 65. Nd5+ Kf7 66. f5 Nd4 67. Ne3 Ne2 68. Nd5 Nd4 69. Nc3 Nf3 70. Nb5 Ke7 71. Kc3 Ng5 72. Nc7 Nf3 73. Ne6 Kf7 74. Kc4 Ke7 75. Nc7 Kf7 76. Na6 Ke7 77. Kc5 Ne1 78. Nb4 Nf3 79. Kd5 Ne1 80. Kc6 Ke8 81. Kd6 Kf7 82. Kd7 Nf3 83. Nc6 Ne1 84. Nd8+ Kg7 85. Ke7 Nxd3 86. Ne6+ Kh6 87. Kxf6 Kh5 88. Ke7 Nb4 89. f6 1-0

[Event "Titled Tuesday intern op 07th Jun Late"]
[Site "Chess.com INT"]
[Date "2022.06.07"]
[Round "4"]
[White "Bernadskiy, Vitaliy"]
[Black "Zhigalko, Sergei"]
[Result "1-0"]
[WhiteElo "2617"]
[BlackElo "2572"]
[PlyCount "69"]
[EventDate "2022.06.07"]
[EventType "swiss (blitz)"]
[EventRounds "11"]
[EventCountry "USA"]
[SourceTitle "CBM 208 Extra"]
[Source "ChessBase"]
[SourceDate "2022.07.31"]
[SourceVersion "1"]
[SourceVersionDate "2022.07.31"]
[SourceQuality "1"]

1. b3 e5 2. Bb2 d6 3. Nf3 Nf6 4. c4 c6 5. Nc3 Be7 6. g3 O-O 7. Bg2 Re8 8. O-O h6 $146 ({RR} 8... Bf8 9. e4 c5 10. d3 Nc6 11. h3 a6 12. Ne1 Nd4 13. Nc2 Nxc2 14. Qxc2 g6 15. f4 Nh5 16. Qf2 exf4 17. Nd5 Be6 18. g4 Bxd5 19. gxh5 Be6 20. Qxf4 g5 21. Qd2 Bg7 22. h6 Be5 23. Rf3 {Gimenez,I (2137)-Allo,E (2013) Villa Martelli 2017 1-0 (90)}) 9. e3 Bf5 10. d3 Nbd7 11. Re1 a5 12. h3 Nc5 13. e4 Bh7 14. d4 Ncxe4 15. dxe5 dxe5 16. Nxe4 Nxe4 17. Nxe5 Nc5 18. Qh5 Rf8 19. Rad1 Qc7 20. Nd7 Ne6 21. Nxf8 Rxf8 22. Qg4 Bb4 23. Re3 Bc5 24. Re2 f5 25. Qf3 Qf7 26. Qc3 Ng5 27. Qe5 Ba7 28. Kh2 Bb8 29. Qe7 f4 30. Qxf7+ Nxf7 31. Be4 fxg3+ 32. fxg3 Bxe4 33. Rxe4 Ng5 34. Re2 h5 35. Rd7 1-0

[Event "Titled Tuesday intern op 07th Jun Late"]
[Site "Chess.com INT"]
[Date "2022.06.07"]
[Round "4"]
[White "Nakamura, Hikaru"]
[Black "Bluebaum, Matthias"]
[Result "1-0"]
[WhiteElo "2760"]
[BlackElo "2673"]
[PlyCount "121"]
[EventDate "2022.06.07"]
[EventType "swiss (blitz)"]
[EventRounds "11"]
[EventCountry "USA"]
[SourceTitle "CBM 208 Extra"]
[Source "ChessBase"]
[SourceDate "2022.07.31"]
[SourceVersion "1"]
[SourceVersionDate "2022.07.31"]
[SourceQuality "1"]

1. Nf3 d5 2. b3 Bg4 3. Bb2 Nd7 4. e3 Ngf6 5. h3 Bh5 6. d3 a5 $146 ({RR} 6... h6 7. Nbd2 e6 8. Qe2 Bb4 9. g4 Bg6 10. Ne5 Nxe5 11. Bxe5 Bd6 12. Nf3 Qe7 13. Bg2 O-O-O 14. O-O-O Bxe5 15. Nxe5 Bh7 16. c4 Nd7 17. Nxd7 Rxd7 18. cxd5 exd5 19. Qb2 f5 20. Rd2 Rf8 21. gxf5 {Nimzowitsch,A-Marshall,F New York 1927 ½-½ (45)}) ({RR} 6... e6 7. g4 Bg6 8. Nh4 a5 9. a3 Bd6 10. Bg2 O-O 11. Nd2 c6 12. O-O e5 13. Nxg6 hxg6 14. c4 Re8 15. g5 Nh7 16. cxd5 Nxg5 17. dxc6 bxc6 18. Rc1 Rc8 19. Qg4 Nc5 20. Qc4 Nge6 21. Rfd1 {Artemiev,V (2731)-Nihal,S (2612) Moscow 2019 1-0 (45)}) ({RR} 6... h6 7. Nbd2 e6 8. g3 Bd6 9. Bg2 Qe7 10. a3 a5 11. O-O c6 12. Qe2 O-O 13. e4 dxe4 14. dxe4 e5 15. Qe1 Rfd8 16. Nh4 Bc5 17. Nc4 a4 18. b4 Ba7 19. Kh2 b5 20. Ne3 Rac8 21. f4 {Theodorou,N (2611)-Korobov,A (2634) chess.com INT 2025 1-0}) ({RR} 6... e6 7. g4 Bg6 8. Nh4 a5 9. a3 a4 10. b4 c5 11. bxc5 Nxc5 12. Nd2 Be7 13. Nxg6 hxg6 14. Bxf6 Bxf6 15. d4 Nd7 16. c4 dxc4 17. Nxc4 O-O 18. Rb1 Qc7 19. Be2 b5 20. Nd2 Be7 21. Bxb5 {Nakamura,H (2750)-Licznerski,L (2439) Chess.com INT 2022 1-0 (45)}) 7. g4 Bg6 8. Nh4 a4 9. Nd2 a3 10. Bc1 e5 11. c3 Bd6 12. Nxg6 hxg6 13. Bg2 c6 14. b4 Qb6 15. Qb3 Qa6 16. c4 Qa4 17. g5 Nh7 18. cxd5 Bxb4 19. Qxa4 Rxa4 20. dxc6 bxc6 21. h4 c5 22. Ke2 Ke7 23. Nc4 Ra6 24. Rb1 Nhf8 25. Bd2 Bxd2 26. Kxd2 Ne6 27. Rb7 Kd8 28. Rb3 Ke7 29. Rxa3 Rxa3 30. Nxa3 Rb8 31. Nc4 Nb6 32. Nxe5 Nd8 33. Kc2 Kd6 34. f4 Nd5 35. Bxd5 Kxd5 36. a4 Ra8 37. Nc4 Ke6 38. a5 Nc6 39. Ra1 Nb4+ 40. Kd2 Rd8 41. Ra3 Na6 42. e4 Rh8 43. Rb3 Nb4 44. d4 Rxh4 45. dxc5 Rh1 46. Rxb4 Rh2+ 47. Kd3 Rh3+ 48. Ne3 Rxe3+ 49. Kxe3 f5 50. Rb6+ Kf7 51. e5 Kg8 52. Rxg6 Kh7 53. Rd6 Kh8 54. g6 Kg8 55. Kf3 Kf8 56. Kg3 Ke8 57. Kh4 Kf8 58. Kg5 Kg8 59. Kxf5 Kf8 60. Ke6 Ke8 61. Rd7 1-0

[Event "Titled Tuesday intern op 07th Jun Late"]
[Site "Chess.com INT"]
[Date "2022.06.07"]
[Round "4"]
[White "Sjugirov, Sanan"]
[Black "Moroni, Luca Jr"]
[Result "1-0"]
[WhiteElo "2696"]
[BlackElo "2584"]
[PlyCount "67"]
[EventDate "2022.06.07"]
[EventType "swiss (blitz)"]
[EventRounds "11"]
[EventCountry "USA"]
[SourceTitle "CBM 208 Extra"]
[Source "ChessBase"]
[SourceDate "2022.07.31"]
[SourceVersion "1"]
[SourceVersionDate "2022.07.31"]
[SourceQuality "1"]

1. Nf3 d6 2. g3 g6 3. Bg2 Bg7 4. O-O Bd7 5. d4 Qc8 6. Re1 Nc6 7. e4 Bg4 8. c3 e5 9. Be3 Nf6 10. Nbd2 O-O 11. Qc2 $146 ({RR} 11. dxe5 Nxe5 12. Qc2 Nxf3+ 13. Nxf3 Bh3 14. Bh1 Re8 15. Bd4 c5 16. Bxf6 Bxf6 17. Rad1 Qc7 18. Qd3 Rad8 19. Nd2 Bg4 20. Bf3 Be6 21. Nc4 Be7 22. Ne3 Qb6 23. b3 Qa5 24. Qc2 Bf6 25. Rd3 b5 {Ochirbat,L (2119)-Moroni,L (2574) Chess.com INT 2022 0-1 (36)}) 11... h6 12. dxe5 Nxe5 13. Nxe5 dxe5 14. Nc4 Re8 15. a4 Bh3 16. Bxh3 Qxh3 17. f3 Bf8 18. a5 b5 19. Nd2 c5 20. a6 Qe6 21. c4 Rab8 22. Red1 Red8 23. b3 Kh7 24. cxb5 Rxb5 25. Nc4 Rxd1+ 26. Qxd1 Nd7 27. Qd3 Nb6 28. Nd2 Be7 29. Qxb5 h5 30. Bxc5 Bg5 31. Nc4 Nd7 32. Bxa7 h4 33. Bf2 hxg3 34. hxg3 1-0

[Event "Titled Tuesday intern op 07th Jun Late"]
[Site "Chess.com INT"]
[Date "2022.06.07"]
[Round "10"]
[White "Nakamura, Hikaru"]
[Black "Svane, Frederik"]
[Result "1-0"]
[WhiteElo "2760"]
[BlackElo "2521"]
[PlyCount "67"]
[EventDate "2022.06.07"]
[EventType "swiss (blitz)"]
[EventRounds "11"]
[EventCountry "USA"]
[SourceTitle "CBM 208 Extra"]
[Source "ChessBase"]
[SourceDate "2022.07.31"]
[SourceVersion "1"]
[SourceVersionDate "2022.07.31"]
[SourceQuality "1"]

1. Nf3 c5 2. b3 Nc6 3. Bb2 d6 4. d4 cxd4 5. Nxd4 Nf6 6. Nxc6 bxc6 7. e3 e5 8. Be2 Be7 9. c4 O-O 10. O-O Qc7 11. Nc3 $146 ({RR} 11. Qc2 Be6 12. Nc3 Rac8 13. Rac1 Qb8 14. Ba3 Rfd8 15. Na4 Bf8 16. Bb2 d5 17. Rfd1 Re8 18. h3 h6 19. Bd3 Bd6 20. Bf5 e4 21. Bxe6 fxe6 22. cxd5 cxd5 23. Qe2 Bh2+ 24. Kh1 Rxc1 25. Rxc1 Be5 {Zarkua,D (2441)-Solak,D (2598) Albena 2013 ½-½ (32)}) 11... Be6 12. Rc1 Rfd8 13. Nd5 Qb7 14. Nxe7+ Qxe7 15. Qc2 Qc7 16. Rfd1 Rab8 17. h3 h6 18. Bf3 c5 19. Rd2 Rd7 20. Bc3 Rbd8 21. Rcd1 Re8 22. Qb2 Rb8 23. Qa3 Qb6 24. Qa5 Kf8 25. Qa4 Rc8 26. Kh1 Ke7 27. Ba5 Qb8 28. Bc6 Bf5 29. f3 e4 30. f4 h5 31. Bxd7 Bxd7 32. Qa3 Rc6 33. Bc3 Ne8 34. Qb2 1-0

[Event "FRA-chT Top 16 GpA"]
[Site "Chartres"]
[Date "2022.06.11"]
[Round "3.1"]
[White "Mamedov, Rauf"]
[Black "Wirig, Anthony"]
[Result "1-0"]
[WhiteElo "2656"]
[BlackElo "2520"]
[PlyCount "63"]
[EventDate "2022.06.09"]
[EventType "team-tourn"]
[EventRounds "7"]
[EventCountry "FRA"]
[SourceTitle "CBM 208 Extra"]
[Source "ChessBase"]
[SourceDate "2022.07.31"]
[SourceVersion "1"]
[SourceVersionDate "2022.07.31"]
[SourceQuality "1"]
[WhiteTeam "Chartres"]
[BlackTeam "Grasse Echecs"]
[WhiteTeamCountry "FRA"]
[BlackTeamCountry "FRA"]

1. e4 c5 2. Nf3 e6 3. d3 Nc6 4. g3 g6 5. Bg2 Bg7 6. O-O Nge7 7. c3 e5 8. Be3 d6 9. d4 exd4 10. cxd4 d5 $146 ({RR} 10... Bg4 11. dxc5 dxc5 12. Qc1 Bxf3 13. Bxf3 Nd4 14. Bd1 Rc8 15. Ba4+ Nec6 16. Qxc5 Ne2+ 17. Kg2 Bxb2 18. Nd2 Bd4 19. Bxd4 Qxd4 20. Qxd4 Nexd4 21. Rab1 b6 {½-½ (21) Hazai,L-Tompa,J Budapest 1974}) ({RR} 10... Bg4 11. d5 Bxb2 12. dxc6 Bxa1 13. cxb7 Rb8 14. Bh6 Rxb7 15. Nbd2 Bf6 16. Nc4 Rd7 17. Qa4 Qc7 18. e5 dxe5 19. Re1 Qc6 20. Qa5 Bxf3 21. Bh3 Rb7 22. Qc3 e4 23. Qd2 Bd4 24. Na5 Rb2 25. Qf4 {Hambleton,A (2454)-Kobalia,M (2587) Chess.com INT 2021 0-1}) ({RR} 10... Bg4 11. dxc5 dxc5 12. Nbd2 b6 13. Nc4 O-O 14. Qe2 Nd4 15. Bxd4 Bxd4 16. h3 Bxf3 17. Bxf3 Qc7 18. Kh2 Nc6 19. Bg2 Bg7 20. f4 Nd4 21. Qf2 Rad8 22. Rac1 Qd7 23. Rfd1 Qe7 24. Ne3 f5 25. e5 {Narva,M (2398)-Dubrovin,R (2219) Tallinn EST 2025 1-0 (42)}) 11. dxc5 dxe4 12. Qxd8+ Nxd8 13. Nd4 Ne6 14. Nxe6 Bxe6 15. Nc3 f5 16. Rad1 Bxc3 17. bxc3 Rd8 18. f3 Rxd1 19. Rxd1 Bxa2 20. fxe4 fxe4 21. Bxe4 Nc6 22. Bh6 Be6 23. Rb1 Bc8 24. Bd5 Kd8 25. Bg5+ Kc7 26. Bf4+ Kd7 27. Rd1 a5 28. Bb3+ Ke7 29. Bg5+ Ke8 30. Bh6 Ke7 31. Rf1 Be6 32. Bg5+ 1-0

[Event "Titled Tuesday intern op 14th Jun Late"]
[Site "Chess.com INT"]
[Date "2022.06.14"]
[Round "7"]
[White "Bernadskiy, Vitaliy"]
[Black "Salem, AR Saleh"]
[Result "1-0"]
[WhiteElo "2617"]
[BlackElo "2679"]
[PlyCount "47"]
[EventDate "2022.06.14"]
[EventType "swiss (blitz)"]
[EventRounds "11"]
[EventCountry "USA"]
[SourceTitle "EXT 2023"]
[Source "ChessBase"]
[SourceDate "2022.10.05"]
[SourceVersion "1"]
[SourceVersionDate "2022.10.05"]
[SourceQuality "1"]

1. b3 d5 2. Bb2 c5 3. e3 a6 4. Nf3 Nc6 5. Be2 d4 6. O-O ({RR} 6. exd4 cxd4 7. O-O e5 8. Re1 Bd6 9. Bc4 Nge7 10. Ng5 O-O 11. Qh5 Bf5 12. Nxf7 Rxf7 13. Bxf7+ Kh8 14. Bc4 Bg6 15. Qe2 Nf5 16. Bd3 Qg5 17. Bxf5 Bxf5 18. d3 Bg4 19. Qd2 Qg6 20. f3 Bxf3 {Khademalsharieh,S (2458)-Prochaieva,A (1936) Monaco MNC 2025 1-0 (33)}) 6... Nf6 ({RR} 6... e5 7. a4 Bd6 8. Na3 Nf6 9. Nc4 O-O 10. exd4 exd4 11. Re1 Bc7 12. Ba3 b6 13. h3 Re8 14. a5 b5 15. Nb6 Bxb6 16. axb6 Qxb6 17. Bd3 Bb7 18. Rxe8+ Rxe8 19. Qf1 Ne5 20. Nxe5 Rxe5 21. Re1 {Caruana,F (2792)-Najer,E (2661) Warsaw 2021 ½-½ (65)}) 7. Na3 $146 ({RR} 7. Re1 g6 8. a4 Bg7 9. Na3 Nd5 10. Nc4 O-O 11. Bf1 Qc7 12. e4 Nf4 13. a5 Be6 14. Ng5 Bxc4 15. Bxc4 Nxa5 16. Bxf7+ Rxf7 17. Nxf7 Ne6 18. f4 Kxf7 19. f5 Nf8 20. fxg6+ hxg6 21. Qf3+ Kg8 {Nouro,M (2326)-Laurusas,T (2550) Finland FIN 2024 0-1 (39)}) 7... g6 8. Nc4 Bg7 9. exd4 cxd4 10. a4 O-O 11. Re1 Nd5 12. Bd3 Re8 13. Be4 Rb8 14. a5 h6 15. Ba3 Be6 16. Bxg6 Nf4 17. Be4 Bg4 18. h3 Bh5 19. d3 Qc7 20. Qd2 Rbd8 21. Kh1 e5 22. Nfxe5 Bxe5 23. Nxe5 Qxe5 24. Bh7+ 1-0

[Event "Titled Tuesday intern op 14th Jun Late"]
[Site "Chess.com INT"]
[Date "2022.06.14"]
[Round "11"]
[White "Bernadskiy, Vitaliy"]
[Black "Xiong, Jeffery"]
[Result "1-0"]
[WhiteElo "2617"]
[BlackElo "2688"]
[PlyCount "125"]
[EventDate "2022.06.14"]
[EventType "swiss (blitz)"]
[EventRounds "11"]
[EventCountry "USA"]
[SourceTitle "EXT 2023"]
[Source "ChessBase"]
[SourceDate "2022.10.05"]
[SourceVersion "1"]
[SourceVersionDate "2022.10.05"]
[SourceQuality "1"]

1. b3 d5 2. Bb2 Bf5 3. e3 e6 4. Nf3 Nf6 5. Be2 h6 6. O-O Be7 7. c4 O-O 8. Nc3 c6 9. Rc1 Nbd7 10. d4 Ne4 11. Bd3 $146 ({RR} 11. Nxe4 Bxe4 12. Nd2 Bh7 13. Bf3 a5 14. a3 Qb6 15. Qe2 Rfd8 16. Rfd1 Nf6 17. h3 Qa6 18. e4 dxe4 19. Nxe4 Nxe4 20. Bxe4 Bxe4 21. Qxe4 Bf6 22. Rc3 a4 23. Rf3 axb3 24. Rxf6 gxf6 25. Qg4+ Kf8 {Demirtas,A (1888)-Caputcuoglu,Z (2280) Denizli TUR 2023 0-1 (52)}) ({RR} 11. Nxe4 Bxe4 12. Nd2 Bh7 13. Re1 Nf6 14. Bf3 Bd6 15. g3 Qa5 16. a3 Rad8 17. b4 Qc7 18. b5 Qd7 19. bxc6 bxc6 20. Qa4 Rb8 21. Ba1 Rfc8 22. e4 dxe4 23. Nxe4 Nxe4 24. Bxe4 Bxe4 25. Rxe4 Bf8 {Gadimbayli,A (2500)-Bacrot,E (2663) chess.com INT 2023 ½-½ (45)}) ({RR} 11. Nd2 Nd6 12. c5 Nc8 13. b4 e5 14. dxe5 Nxe5 15. Nb3 Bf6 16. Nd4 Bg6 17. Qd2 Re8 18. Rfd1 Qc7 19. b5 Ne7 20. h3 Nc4 21. Bxc4 dxc4 22. bxc6 bxc6 23. Nce2 Rab8 24. Nf4 Bh7 25. Rxc4 Be5 {Sztokbant,B (2213)-Mekhitarian,K (2564) chess.com INT 2025 0-1 (45)}) 11... Nxc3 12. Bxc3 Bxd3 13. Qxd3 f5 14. b4 Nf6 15. Ne5 Ne4 16. Be1 Bf6 17. Ng6 Re8 18. Nf4 Nd6 19. c5 Nc4 20. Qb3 e5 21. dxe5 Bxe5 22. Qd3 Qg5 23. g3 Rad8 24. Rxc4 dxc4 25. Qxc4+ Kh7 26. Ne6 Qf6 27. Nxd8 Rxd8 28. b5 cxb5 29. Qxb5 Qc6 30. Qb1 Qe4 31. Qxe4 fxe4 32. Bb4 Kg6 33. Rb1 Kf5 34. Kg2 Rd5 35. Rb3 Rd1 36. Ba5 Rd7 37. Rb5 Ke6 38. f4 Bf6 39. g4 Kd5 40. Rb4 Bc3 41. Ra4 Bf6 42. Kg3 g5 43. f5 Be5+ 44. Kg2 Re7 45. Be1 Bb8 46. Rd4+ Kc6 47. Bg3 Bxg3 48. Kxg3 Kxc5 49. Rd8 b5 50. Rh8 a5 51. Rxh6 a4 52. h4 gxh4+ 53. Kf4 b4 54. f6 Rb7 55. Rxh4 Kd5 56. Kf5 Kd6 57. Kg6 Ke6 58. g5 Ke5 59. f7 Rb8 60. Kg7 b3 61. axb3 axb3 62. Rh1 Kf5 63. g6 1-0

[Event "Titled Tuesday intern op 14th Jun Late"]
[Site "Chess.com INT"]
[Date "2022.06.14"]
[Round "11"]
[White "Kozak, Adam"]
[Black "Holt, Conrad"]
[Result "1-0"]
[WhiteElo "2523"]
[BlackElo "2553"]
[PlyCount "39"]
[EventDate "2022.06.14"]
[EventType "swiss (blitz)"]
[EventRounds "11"]
[EventCountry "USA"]
[SourceTitle "EXT 2023"]
[Source "ChessBase"]
[SourceDate "2022.10.05"]
[SourceVersion "1"]
[SourceVersionDate "2022.10.05"]
[SourceQuality "1"]

1. Nf3 d5 2. g3 Bg4 3. Bg2 Nd7 4. O-O e6 5. h3 Bh5 6. d4 Bd6 ({RR} 6... Ngf6 7. c4 c6 8. cxd5 exd5 9. Qb3 Nb6 10. Nc3 Be7 11. a4 a5 12. Ne5 Bg6 13. f4 Bf5 14. g4 Bc8 15. f5 O-O 16. Bf4 Ne8 17. e4 dxe4 18. Nxe4 Qxd4+ 19. Kh1 Nd5 20. Rad1 Qb4 21. Qg3 {Eljanov,P (2680)-Caruana,F (2828) Chess.com INT 2019 1-0 (39)}) 7. c4 c6 8. Nc3 ({RR} 8. cxd5 exd5 9. Bf4 Bxf4 10. gxf4 Qf6 11. e3 Ne7 12. Nbd2 O-O 13. Qb3 Nb6 14. a4 Rab8 15. a5 Nd7 16. Rac1 Nf5 17. a6 bxa6 18. Qa4 Rb6 19. Rc2 Bg6 20. Rc3 Ne7 21. Rfc1 Rxb2 22. Qxa6 Ra8 {Suleymanli,S (2226)-Holt,C (2540) chess.com INT 2024 1-0 (31)}) 8... dxc4 $146 ({RR} 8... Ngf6 9. Qb3 Rb8 10. Nd2 O-O 11. e4 dxe4 12. Ndxe4 Nxe4 13. Nxe4 Bc7 14. Bg5 Qc8 15. Be7 Re8 16. Nd6 Bxd6 17. Bxd6 Ra8 18. Rfe1 Nf6 19. Be5 Qd7 20. Bxf6 gxf6 21. d5 exd5 22. cxd5 cxd5 23. Bxd5 {Svane,R (2646)-Pourramezanali,A (2505) chess.com INT 2023 1-0 (68)}) 9. b3 Bb4 10. Qc2 Bg6 11. e4 cxb3 12. Qxb3 Bxc3 13. Qxc3 Bxe4 14. Ba3 Ngf6 15. Rfe1 Rc8 16. Qb3 c5 17. dxc5 Bc6 18. Nd4 Bxg2 19. Nxe6 fxe6 20. Qxe6+ 1-0